Οργάνωση-δομή και λειτουργία διαφημιστικής εταιρίας : πτυχιακή εργασία
Η συνεχής γέννηση νέων προϊόντων στην αγορά και ο αυξανόμενος ανταγωνισμός, έχουν καταστήσει την ανάγκη για διαφήμιση απαραίτητη. Ο "φορέας" που δημιουργεί, σχεδιάζει και παράγει διαφημίσεις, είναι η διαφημιστική εταιρία. Σε αυτή την εργασία θα παρουσιαστεί και θα αναλυθεί η οργάνωση, η δο...
Αποθηκεύτηκε σε:
| Κύριος συγγραφέας: | |
|---|---|
| Συγγραφή απο Οργανισμό/Αρχή: | |
| Μορφή: | Thesis Βιβλίο |
| Γλώσσα: | Greek |
| Δημοσίευση: |
Καρλόβασι :
Πανεπιστήμιο Αιγαίου, Τμήμα στατιστικής και Αναλογιστικών-Χρηματοοικονομικών Μαθηματικών,
2006.
|
| Θέματα: | |
| Διαθέσιμο Online: | http://hdl.handle.net/11610/8126 |
| Ετικέτες: |
Προσθήκη ετικέτας
Δεν υπάρχουν, Καταχωρήστε ετικέτα πρώτοι!
|
MARC
| LEADER | 00000cam a2200000 i 4500 | ||
|---|---|---|---|
| 001 | 1/39036 | ||
| 008 | 061208s2006####gr | ||| |||| ||gre|| | ||
| 035 | |l 10086490 | ||
| 040 | |a GR-MyUA |b gre |e AACR2 | ||
| 041 | 0 | |a gre | |
| 082 | 0 | |a 659.1125 |2 (22) | |
| 100 | 1 | |a Μεταξάκης, Ιωάννης. | |
| 245 | 1 | 0 | |a Οργάνωση-δομή και λειτουργία διαφημιστικής εταιρίας : |b πτυχιακή εργασία / |c Μεταξάκης Ιωάννης ; επιβλέπων καθηγητής Ζήμερας Στυλιανός. |
| 260 | |a Καρλόβασι : |b Πανεπιστήμιο Αιγαίου, Τμήμα στατιστικής και Αναλογιστικών-Χρηματοοικονομικών Μαθηματικών, |c 2006. | ||
| 300 | |a 62 σ. : |b εικ. ; |c 30 εκ. | ||
| 502 | |a Πτυχιακή εργασία – Πανεπιστήμιο Αιγαίου, Σάμος, 2006. | ||
| 504 | |a Βιβλιογραφία: σ. 62. | ||
| 520 | 8 | |a Η συνεχής γέννηση νέων προϊόντων στην αγορά και ο αυξανόμενος ανταγωνισμός, έχουν καταστήσει την ανάγκη για διαφήμιση απαραίτητη. Ο "φορέας" που δημιουργεί, σχεδιάζει και παράγει διαφημίσεις, είναι η διαφημιστική εταιρία. Σε αυτή την εργασία θα παρουσιαστεί και θα αναλυθεί η οργάνωση, η δομή, καθώς και το πως λειτουργεί μία διαφημιστική εταιρία. | |
| 610 | 2 | 0 | |a University of the Aegean |x Dissertations. |
| 650 | 0 | 0 | |a Advertising agencies. |
| 650 | 0 | 0 | |a Advertising |x Management. |
| 650 | 0 | 0 | |a Dissertations, Academic |z Greece. |
| 700 | 1 | |a Ζήμερας, Στυλιανός, |e dgs | |
| 710 | 2 | |a Πανεπιστήμιο Αιγαίου. |b Σχολή Θετικών Επιστημών. |b Τμήμα Στατιστικής και Αναλογιστικών-Χρηματοοικονομικών Μαθηματικών. | |
| 852 | |a INST |b SAMOS |c DIATR |e 20061208 |h 659.1125 ΜΕΤ |p 005300025959 |q 005300025959 |t DIE |y 23 | ||
| 852 | |a INST |b SAMOS |c DIATR |e 20061208 |h 659.1125 ΜΕΤ |p 005300025960 |q 005300025960 |t DIE |y 23 | ||
| 856 | |u http://hdl.handle.net/11610/8126 | ||
| 901 | |a BIBL3-2006-3 | ||
| 909 | |a Σ |b 124970 | ||
| 909 | |a Σ |b 124971 | ||
| 924 | |a ΜΕΤΑΞΑΚΗΣ |b ΙΩΑΝΝΗΣ |y Σάμος |z 2006-11 | ||
| 970 | |a ΒΛΑΧΟΥ |b ΒΑΣΙΛΙΚΗ |z 2006/12/08 | ||